शारीरिक शिक्षा / (Record no. 119116)

MARC details
000 -LEADER
fixed length control field 01147nam a22002537a 4500
005 - DATE AND TIME OF LATEST TRANSACTION
control field 20170124103127.0
010 ## - LIBRARY OF CONGRESS CONTROL NUMBER
LC control number B-134868
020 ## - INTERNATIONAL STANDARD BOOK NUMBER
Terms of availability 500.00
035 ## - SYSTEM CONTROL NUMBER
System control number B-134868
037 ## - SOURCE OF ACQUISITION
Source of stock number/acquisition Cen Lib/Ret
040 ## - CATALOGING SOURCE
Original cataloging agency DPL
Language of cataloging HN
082 ## - DEWEY DECIMAL CLASSIFICATION NUMBER
Classification number 796
Item number शर्माए
100 ## - MAIN ENTRY--PERSONAL NAME
Personal name शर्मा, एन.पी
9 (RLIN) 83429
245 ## - TITLE STATEMENT
Title शारीरिक शिक्षा /
Statement of responsibility, etc एन.पी शर्मा
246 ## - VARYING FORM OF TITLE
Title proper/short title Sharirik shiksha /
Remainder of title by AP.N. Sharma
260 ## - PUBLICATION, DISTRIBUTION, ETC. (IMPRINT)
Place of publication, distribution, etc दिल्ली
Name of publisher, distributor, etc खेल साहित्य केंद्र
Date of publication, distribution, etc 2006
270 ## - ADDRESS
City दिल्ली
Address व्ब्ल्यु.पी-४७४, प्रथम मंजिल, शिव मार्किट अशोक विहार
Postal code 110052
300 ## - PHYSICAL DESCRIPTION
Extent 301पृ.
Dimensions 20सेमी(सजिल्द )
650 ## - SUBJECT ADDED ENTRY--TOPICAL TERM
Topical term or geographic name as entry element शारीरिक शिक्षा
General subdivision
Geographic subdivision
9 (RLIN) 83430
650 ## - SUBJECT ADDED ENTRY--TOPICAL TERM
Topical term or geographic name as entry element शारीरिक शिक्षा --खेल मनोविज्ञान
9 (RLIN) 83431
650 ## - SUBJECT ADDED ENTRY--TOPICAL TERM
Topical term or geographic name as entry element physical education
9 (RLIN) 22886
650 ## - SUBJECT ADDED ENTRY--TOPICAL TERM
Topical term or geographic name as entry element Physical Education Psychology --games
9 (RLIN) 83432
942 ## - ADDED ENTRY ELEMENTS (KOHA)
Source of classification or shelving scheme Dewey Decimal Classification
Koha item type Hindi Books
Classification part 796
Call number suffix शर्माए
Holdings
Withdrawn status Lost status Damaged status Not for loan Home library Current library Date acquired Source of acquisition Cost, normal purchase price Total Checkouts Full call number Barcode Date last seen Date checked out Copy number Cost, replacement price Price effective from Koha item type
        Central Library Central Library 15/09/2015 Cen Lib/Ref 500.00 2 796 शर्माए B-134868 16/04/2018 11/01/2018 1 500.00 15/09/2015 Hindi Books

© Delhi Public Library
Hit Counter
free hit counter